| 000 | 00789nam a22002297a 4500 | ||
|---|---|---|---|
| 005 | 20240305165415.0 | ||
| 007 | cr|||| |||| | ||
| 008 | 130729s2012 mx |||||s|||| 00||0 spa d | ||
| 035 | _a11337 | ||
| 040 | _avLex | ||
| 090 |
_c4461 _d4461 |
||
| 100 | 1 | _a Bornacini Hervella, Honoré A. | |
| 245 | 1 | 0 |
_aGuía del cierre fiscal del ejercicio 2012 _h[Recurso electrónico] / _cHonoré A. Bornacini Hervella, Vicente Romero Said |
| 256 | _aServicio en línea | ||
| 260 |
_aMéxico D.F: _bMéxico Fiscal, _c2012 |
||
| 300 | _a1 recurso electrónico | ||
| 650 | 0 | 4 |
_aDerecho fiscal _zMéxico |
| 700 | 2 | _aRomero Said, Vicente | |
| 740 | 0 | _avLex Libros (Servicio en línea) | |
| 856 | 4 | 0 | _uhttps://app.vlex.com/#/sources/guia-del-cierre-fiscal-del-ejercicio-2012-11337 |
| 942 | _cRAA | ||
| 999 |
_c162826 _d162826 |
||